000 01027nam a2200325 i 4500
003 EG-GICUC
005 20260323152832.0
008 260323s1992 fr ||||fr|||| 00| 0 fre d
040 _aEG-GiCUC
_bfre
_cEG-GiCUC
_dEG-GiCUC
_eRda
041 _afre
082 0 4 _221
_a341.48
_bWA.D
092 0 4 _221
099 _aLaw1 11 341.48 WA.D 1992
100 1 _aWachsmann , Patrick
_eAuteur
245 _aLes Conventions Internationales Du Droit D'auteur Et Des Droits Voisins /
_c Patrick Wachsmann .
264 _aParis :
_bDalloz ,
_c1992 .
300 _a138 page ;
_c 24 cm.
336 _2rda contenu
_a texte
337 _2rda medias
_aOrdinateur
338 _2 transporteur rda
_a Ressource en ligne
490 _aConnaissance Du Droit ,
500 _aIncludes Index Pages 135-138.
546 _aTexte en français
650 1 _aDroits de l’homme
650 1 _aDroit international
651 1 _2qrmak
856 4 0 _uhttps://fll.law.cu.edu.eg/fulltext/bks/B11-09186.pdf
905 _a60
942 _2ddc
_cBK
_e21
_n0
999 _c66533
_d66533